[Event "NRW Class2 1819"]
[Site "Germany"]
[Date "2019.02.17"]
[Round "6.4"]
[White "Runtemund, Rene"]
[Black "Doennebrink, Elmar"]
[Result "0-1"]
[WhiteElo "2035"]
[BlackElo "2063"]
[PlyCount "60"]
[EventDate "2018.09.16"]
[EventType "team-tourn"]
[EventRounds "9"]
[EventCountry "GER"]
[SourceTitle "EXT 2022"]
[Source "ChessBase"]
[SourceDate "2021.10.06"]
[SourceVersion "1"]
[SourceVersionDate "2021.10.06"]
[SourceQuality "1"]
[WhiteTeam "Iserlohn Koenigsspringer"]
[BlackTeam "Suedlohn"]
[WhiteTeamCountry "GER"]
[BlackTeamCountry "GER"]

1. e4 c5 2. Nc3 Nc6 3. f4 g6 4. Nf3 Bg7 5. Bb5 Nd4 6. a4 e6 7. 0-0 Ne7 8. e5 a6 9. Bc4 d5 10. exd6 Qxd6 11. Ne4 Nxf3+ 12. Qxf3 Qd4+ 13. Kh1 f5 14. Bd3 fxe4 15. Bxe4 Rb8 16. c3 Qd6 17. d3 0-0 18. Be3 Nd5 19. Bd2 Bh6 20. g3 Bd7 21. Rf2 Nf6 22. h4 Nxe4 23. dxe4 Bc6 24. Re1 Rbe8 25. h5 e5 26. hxg6 Qxg6 27. Qd3 exf4 28. Qc4+ Qe6 29. Qxc5 fxg3 30. Rxf8+ Rxf8 0-1

[Event "NRW Class2 1819"]
[Site "Germany"]
[Date "2018.12.09"]
[Round "4.4"]
[White "Grabowski, Pawel"]
[Black "Doennebrink, Elmar"]
[Result "1-0"]
[WhiteElo "2199"]
[BlackElo "2063"]
[PlyCount "79"]
[EventDate "2018.09.16"]
[EventType "team-tourn"]
[EventRounds "9"]
[EventCountry "GER"]
[SourceTitle "EXT 2022"]
[Source "ChessBase"]
[SourceDate "2021.10.06"]
[SourceVersion "1"]
[SourceVersionDate "2021.10.06"]
[SourceQuality "1"]
[WhiteTeam "Godesberg"]
[BlackTeam "Suedlohn"]
[WhiteTeamCountry "GER"]
[BlackTeamCountry "GER"]

1. Nf3 Nf6 2. g3 g6 3. Bg2 Bg7 4. d4 0-0 5. c4 d6 6. 0-0 Nbd7 7. Nc3 e5 8. d5 a5 9. e4 Nc5 10. Ne1 Nfd7 11. Be3 f5 12. exf5 gxf5 13. f4 Qe7 14. Qd2 Na6 15. Nd3 Nf6 16. fxe5 dxe5 17. Rae1 e4 18. Nf4 Ng4 19. Bd4 Bxd4+ 20. Qxd4 Qc5 21. Qxc5 Nxc5 22. Nb5 c6 23. Nd4 Ne5 24. dxc6 bxc6 25. b3 Rb8 26. g4 a4 27. gxf5 axb3 28. axb3 Bxf5 29. Re3 Bg6 30. Nxg6 Rxf1+ 31. Kxf1 hxg6 32. Bxe4 Nxe4 33. Rxe4 Nd3 34. Re3 Nc1 35. Rc3 Na2 36. Rg3 c5 37. Ne6 Rc8 38. Rg5 Nc1 39. Nxc5 Rb8 40. Rxg6+ 1-0

[Event "NRW Class2 1819"]
[Site "Germany"]
[Date "2018.09.16"]
[Round "1.4"]
[White "Reinke, Markus"]
[Black "Doennebrink, Elmar"]
[Result "1-0"]
[WhiteElo "2186"]
[BlackElo "2063"]
[PlyCount "57"]
[EventDate "2018.09.16"]
[EventType "team-tourn"]
[EventRounds "9"]
[EventCountry "GER"]
[SourceTitle "EXT 2022"]
[Source "ChessBase"]
[SourceDate "2021.10.06"]
[SourceVersion "1"]
[SourceVersionDate "2021.10.06"]
[SourceQuality "1"]
[WhiteTeam "Duesseldorf II"]
[BlackTeam "Suedlohn"]
[WhiteTeamCountry "GER"]
[BlackTeamCountry "GER"]

1. e4 c5 2. Nc3 Nc6 3. f4 g6 4. Nf3 Bg7 5. Bb5 d6 6. Bxc6+ bxc6 7. d3 Rb8 8. 0-0 Nf6 9. Qe1 0-0 10. Rb1 Ne8 11. f5 e6 12. fxg6 fxg6 13. Bg5 Qc7 14. e5 d5 15. Na4 Rxf3 16. Rxf3 Bxe5 17. Qf2 Bd4 18. Be3 Bxe3 19. Qxe3 Nd6 20. Qe5 Qe7 21. Rbf1 Bd7 22. Nxc5 Re8 23. g4 Bc8 24. b4 Rd8 25. Rf6 a5 26. c3 axb4 27. cxb4 Qa7 28. Kh1 Qxa2 29. Nxe6 1-0

[Event "Muensterland Regionalliga 1617"]
[Site "Germany"]
[Date "2016.09.17"]
[Round "1.3"]
[White "Doennebrink, Elmar"]
[Black "Ollech, Dirk"]
[Result "1-0"]
[WhiteElo "2040"]
[BlackElo "1921"]
[PlyCount "95"]
[EventDate "2016.09.17"]
[EventType "team"]
[EventRounds "9"]
[EventCountry "GER"]
[SourceTitle "EXT 2018"]
[Source "ChessBase"]
[SourceDate "2017.10.13"]
[SourceVersion "1"]
[SourceVersionDate "2017.10.13"]
[SourceQuality "1"]
[WhiteTeam "Suedlohn"]
[BlackTeam "Muenster SK III"]
[WhiteTeamCountry "GER"]
[BlackTeamCountry "GER"]

1. e4 c5 2. Nf3 d6 3. d4 cxd4 4. Qxd4 Nc6 5. Bb5 Bd7 6. Bxc6 Bxc6 7. Nc3 Nf6 8. Bg5 e6 9. 0-0-0 Be7 10. Rhe1 0-0 11. Qd2 Qb6 12. Nd4 Rfe8 13. f3 Rac8 14. g4 Qa5 15. Kb1 a6 16. Nd5 Qxd2 17. Nxe7+ Rxe7 18. Rxd2 Rec7 19. c4 h6 20. Bh4 Be8 21. b3 b5 22. cxb5 axb5 23. Bg3 Rd8 24. h4 Rc3 25. Kb2 b4 26. g5 hxg5 27. hxg5 Nh5 28. Bh2 g6 29. Rc1 Rdc8 30. Ne2 Rxc1 31. Nxc1 Rc3 32. Rd3 Rxd3 33. Nxd3 Bb5 34. Kc2 e5 35. Kd2 Ng7 36. Nxb4 Ne6 37. a4 Bd7 38. Nd5 Kf8 39. f4 Nd4 40. Kc3 Nf3 41. Bg3 Bc6 42. a5 Nd4 43. Bf2 Ne2+ 44. Kc4 Nxf4 45. b4 Ne6 46. b5 Ba8 47. a6 Ke8 48. b6 1-0

[Event "Muensterland Regionalliga 1516"]
[Site "Germany"]
[Date "2015.11.14"]
[Round "3.1"]
[White "Hackl Sommer, Rene"]
[Black "Doennebrink, Elmar"]
[Result "0-1"]
[WhiteElo "2009"]
[BlackElo "2054"]
[PlyCount "60"]
[EventDate "2015.09.05"]
[EventType "team"]
[EventRounds "9"]
[EventCountry "GER"]
[SourceTitle "EXT 2017"]
[Source "ChessBase"]
[SourceDate "2016.10.25"]
[SourceVersion "1"]
[SourceVersionDate "2016.10.25"]
[SourceQuality "1"]
[WhiteTeam "Telgte"]
[BlackTeam "Suedlohn"]
[WhiteTeamCountry "GER"]
[BlackTeamCountry "GER"]

1. e4 c5 2. Ne2 d6 3. g3 Nf6 4. Nbc3 Nc6 5. Bg2 g6 6. 0-0 Bg7 7. d3 Bd7 8. h3 Rb8 9. f4 b5 10. g4 b4 11. Nb1 Qc7 12. Nd2 Nd4 13. Nc4 Bc6 14. Nxd4 cxd4 15. e5 dxe5 16. Bxc6+ Qxc6 17. Nxe5 Qd5 18. Qf3 Qxf3 19. Rxf3 Nd5 20. Nc4 0-0 21. a3 b3 22. cxb3 Rxb3 23. Na5 Rb5 24. b4 Rc8 25. Bb2 Rc2 26. Nc4 a5 27. bxa5 Rbxb2 28. Nxb2 Rxb2 29. f5 Bh6 30. Rff1 Nc3 0-1

[Event "Muensterland Regionalliga 1415"]
[Site "Germany"]
[Date "2015.04.25"]
[Round "8.2"]
[White "Paalman, Henk Jan"]
[Black "Doennebrink, Elmar"]
[Result "1/2-1/2"]
[WhiteElo "2105"]
[BlackElo "2059"]
[PlyCount "37"]
[EventDate "2014.09.20"]
[EventType "team-tourn"]
[EventRounds "9"]
[EventCountry "GER"]
[SourceTitle "EXT 2016"]
[Source "ChessBase"]
[SourceDate "2015.10.08"]
[SourceVersion "1"]
[SourceVersionDate "2015.10.08"]
[SourceQuality "1"]
[WhiteTeam "Emsdetten Rochade"]
[BlackTeam "Suedlohn"]
[WhiteTeamCountry "GER"]
[BlackTeamCountry "GER"]

1. d4 Nf6 2. c4 e6 3. Nf3 d5 4. Nc3 c6 5. e3 Nbd7 6. Bd3 dxc4 7. Bxc4 b5 8. Bd3 a6 9. 0-0 c5 10. a4 b4 11. Na2 Bb7 12. Qe2 Be7 13. Rd1 0-0 14. Bd2 a5 15. Nc1 Qb8 16. Nb3 Rc8 17. Bb5 Bd5 18. Bc4 Bxc4 19. Qxc4 1/2-1/2

[Event "NRW Class1 1314"]
[Site "Germany"]
[Date "2014.03.09"]
[Round "7.3"]
[White "Valkyser, Martin"]
[Black "Doennebrink, Elmar"]
[Result "1/2-1/2"]
[WhiteElo "2181"]
[BlackElo "2044"]
[PlyCount "96"]
[EventDate "2013.09.15"]
[EventType "team-tourn"]
[EventRounds "9"]
[EventCountry "GER"]
[SourceTitle "EXT 2015"]
[Source "ChessBase"]
[SourceDate "2014.11.20"]
[SourceVersion "1"]
[SourceVersionDate "2014.11.20"]
[SourceQuality "1"]
[WhiteTeam "Katernberg II"]
[BlackTeam "Suedlohn"]
[WhiteTeamCountry "GER"]
[BlackTeamCountry "GER"]

1. d4 Nf6 2. c4 g6 3. g3 Bg7 4. Bg2 0-0 5. Nc3 d6 6. Nf3 Nbd7 7. 0-0 e5 8. e4 exd4 9. Nxd4 Ne5 10. b3 Bg4 11. f3 Bd7 12. h3 Nc6 13. Nde2 h6 14. Be3 Ne8 15. Qd2 Kh7 16. g4 f5 17. exf5 gxf5 18. Nf4 Nf6 19. Rae1 Rf7 20. Ncd5 Bf8 21. Bf2 Nxd5 22. cxd5 Ne5 23. Ne6 Qf6 24. g5 hxg5 25. Nxg5+ Kg8 26. Nxf7 Kxf7 27. f4 Ng6 28. Bd4 Qh4 29. Re6 Bxe6 30. dxe6+ Ke7 31. Qc2 Nxf4 32. Qxc7+ Kxe6 33. Rxf4 Qxf4 34. Qc4+ Kd7 35. Qa4+ Ke6 36. Qc4+ Kd7 37. Qb5+ Kd8 38. Bf6+ Be7 39. Bxe7+ Kxe7 40. Qxb7+ Kf6 41. Qxa8 Qe3+ 42. Kf1 Qc1+ 43. Ke2 Qc2+ 44. Ke1 Qc1+ 45. Kf2 Qd2+ 46. Kg3 Qe1+ 47. Kf3 Qc3+ 48. Kf4 Qd2+ 1/2-1/2

[Event "Muensterland Verbandsliga 0708"]
[Site "Germany"]
[Date "2008.02.09"]
[Round "6.4"]
[White "Haselhorst, Helmut"]
[Black "Doennebrink, Elmar"]
[Result "1-0"]
[WhiteElo "2146"]
[BlackElo "2160"]
[PlyCount "73"]
[EventDate "2007.09.08"]
[EventType "team"]
[EventRounds "9"]
[EventCountry "GER"]
[SourceTitle "EXT 2009"]
[Source "ChessBase"]
[SourceDate "2008.11.26"]
[SourceVersion "1"]
[SourceVersionDate "2008.11.26"]
[SourceQuality "1"]
[WhiteTeam "Westbevern"]
[BlackTeam "Suedlohn"]
[WhiteTeamCountry "GER"]
[BlackTeamCountry "GER"]

1. d4 Nf6 2. Nf3 g6 3. c4 Bg7 4. Nc3 0-0 5. Bf4 c5 6. d5 Nh5 7. Bd2 e5 8. e4 f5 9. Bd3 d6 10. 0-0 Nd7 11. Rb1 f4 12. a3 g5 13. Nh4 gxh4 14. Qxh5 Rf6 15. Qxh4 Qf8 16. f3 Rh6 17. Qf2 Bf6 18. Rfc1 Qf7 19. g4 Bh4 20. Qg2 Nf6 21. h3 Rg6 22. Be2 Nh5 23. Be1 Bxe1 24. Rxe1 Ng3 25. Bd1 h5 26. b4 hxg4 27. fxg4 Qh7 28. Ne2 Bxg4 29. hxg4 Rxg4 30. Nxf4 Rxf4 31. Qxg3+ Kh8 32. Rb2 Rg8 33. Re3 Qh4 34. Rg2 Rxg3 35. Rexg3 Qf6 36. Rh3+ Rh4 37. Rxh4+ 1-0

[Event "Muensterland Verbandsliga 0708"]
[Site "Germany"]
[Date "2007.10.13"]
[Round "2.5"]
[White "Junker, Axel"]
[Black "Doennebrink, Elmar"]
[Result "0-1"]
[WhiteElo "1840"]
[BlackElo "2160"]
[PlyCount "74"]
[EventDate "2007.09.08"]
[EventType "team"]
[EventRounds "9"]
[EventCountry "GER"]
[SourceTitle "EXT 2009"]
[Source "ChessBase"]
[SourceDate "2008.11.26"]
[SourceVersion "1"]
[SourceVersionDate "2008.11.26"]
[SourceQuality "1"]
[WhiteTeam "Telgte"]
[BlackTeam "Suedlohn"]
[WhiteTeamCountry "GER"]
[BlackTeamCountry "GER"]

1. c4 Nf6 2. Nc3 g6 3. Nf3 Bg7 4. g3 d6 5. Bg2 e5 6. 0-0 0-0 7. b4 a5 8. b5 Be6 9. d3 h6 10. Ba3 c5 11. Nxe5 dxe5 12. Bxc5 Qc8 13. Bxf8 Bxf8 14. Na4 Nbd7 15. Rc1 Rb8 16. Qc2 Nc5 17. Nxc5 Qxc5 18. Qc3 b6 19. e3 Rc8 20. Bc6 Ng4 21. h3 Nxe3 22. fxe3 Qxe3+ 23. Kg2 Rd8 24. Be4 Qe2+ 25. Kh1 Bxh3 26. Bf3 Qe3 27. Rce1 Qg5 28. g4 Bb4 29. Qc1 Qh4 30. Bg2 Bxg4+ 31. Kg1 Bc5+ 32. d4 Bxd4+ 33. Re3 Qg3 34. Qd2 Bxe3+ 35. Qxe3 Qxe3+ 36. Kh2 Rd2 37. Rg1 Qh3# 0-1

[Event "Muensterland Verbandsliga 0506"]
[Site "Germany"]
[Date "2006.04.01"]
[Round "9.7"]
[White "Bartsch, Rainer"]
[Black "Doennebrink, Elmar"]
[Result "0-1"]
[WhiteElo "1973"]
[BlackElo "2160"]
[PlyCount "78"]
[EventDate "2005.08.27"]
[EventType "team"]
[EventRounds "9"]
[EventCountry "GER"]
[SourceTitle "EXT 2006"]
[Source "ChessBase"]
[SourceDate "2005.11.24"]
[SourceVersion "1"]
[SourceVersionDate "2005.11.24"]
[SourceQuality "1"]
[WhiteTeam "Saerbeck"]
[BlackTeam "Suedlohn"]
[WhiteTeamCountry "GER"]
[BlackTeamCountry "GER"]

1. d4 d5 2. Nf3 Nf6 3. e3 c5 4. c3 e6 5. Bd3 Nc6 6. Nbd2 Be7 7. 0-0 0-0 8. b3 b6 9. Bb2 Bb7 10. Rc1 cxd4 11. exd4 Nd7 12. Re1 Bf6 13. c4 Re8 14. cxd5 Nb4 15. Bb1 Bxd5 16. a3 Nc6 17. Ne4 Be7 18. Ne5 Ncxe5 19. dxe5 Nc5 20. Nxc5 bxc5 21. Rc3 g6 22. Qg4 Rb8 23. Bc2 Bf8 24. h4 h5 25. Qg3 Rb7 26. Bd1 Kh8 27. Bc1 Be7 28. Qf4 Bf8 29. Rg3 Bg7 30. Bc2 Qa5 31. b4 cxb4 32. Bd2 Qc7 33. Bd1 b3 34. Bxh5 b2 35. Bxg6 fxg6 36. Rxg6 b1Q 37. Qg4 Qf5 38. Rxg7 Qxg4 39. Rxg4 Rg8 0-1